Online Catalogue and eLibrary

Theatre in Sri Lanka (Record no. 3109)

MARC details
000 -LEADER
fixed length control field 00393nam a2200157Ia 4500
005 - DATE AND TIME OF LATEST TRANSACTION
control field 20240830041240.0
008 - FIXED-LENGTH DATA ELEMENTS--GENERAL INFORMATION
fixed length control field 240331s9999 xx 000 0 und d
082 ## - DDC Classification
Item Number - Author Mark GUN
Class No. 792
100 ## - MAIN ENTRY--PERSONAL NAME
Personal name Gunawardana, A.J.
245 #0 - TITLE STATEMENT
Title Theatre in Sri Lanka
260 ## - PUBLICATION, DISTRIBUTION, ETC.
Place of publication, distribution, etc. Sri Lanka
Name of publisher, distributor, etc. Department of cultural Affairs
Date of publication, distribution, etc. 1976
300 ## - PHYSICAL DESCRIPTION
Extent (e.g. Volumes, Pages etc.) 36 p .,
650 ## - SUBJECT ADDED ENTRY--TOPICAL TERM
Topical term or geographic name entry element Culture
650 ## - SUBJECT ADDED ENTRY--TOPICAL TERM
Topical term or geographic name entry element Ritual Theature
942 ## - Koha item type (Biblio)
Koha item type Books in Stacks (Lending)
Holdings
Lost status Damaged status Collection code Home library Current library Shelving location Date acquired Full call number Accession Number Item type
    Lending WERC Library WERC Library Social Science Cupboard 03/31/2024 792 GUN 248 Books in Stacks (Lending)

© WERC Library